Online
Catalog

Otra Cuba secreta : (Record no. 40300)

MARC details
000 -CABECERA
campo de control de longitud fija 00949nam a2200193 a 4500
001 - NÚMERO DE CONTROL
campo de control 000040810
005 - FECHA Y HORA DE LA ÚLTIMA TRANSACCIÓN
campo de control 20201002034409.0
008 - DATOS DE LONGITUD FIJA--INFORMACIÓN GENERAL
campo de control de longitud fija 130906s2011 cu 000 0 spa d
020 ## - NÚMERO INTERNACIONAL ESTÁNDAR DEL LIBRO
Número Internacional Estándar del Libro 9788479627003
040 ## - FUENTE DE LA CATALOGACIÓN
Centro catalogador/agencia de origen DO-SdBNP
Lengua de catalogación spa
Centro/agencia transcriptor BNPHU
245 00 - MENCIÓN DE TÍTULO
Título Otra Cuba secreta :
Resto del título antología de poetas cubanas del XIX y del XX (de Gertrudis Gómez de Avellaneda a Reina María Rodríguez, con una breve muestra de poetas posteriores) /
Mención de responsabilidad, etc. edición, introducción, notas y bibliografía de Milena Rodríguez Gutiérrez.
246 13 - FORMA VARIANTE DE TÍTULO
Título propio/Titulo breve Antología de poetas cubanas del XIX y del XX (de Gertrudis Gómez de Avellaneda a Reina María Rodríguez, con una breve muestra de poetas posteriores)
260 ## - PUBLICACIÓN, DISTRIBUCIÓN, ETC.
Lugar de publicación, distribución, etc. Madrid :
Nombre del editor, distribuidor, etc. Verbum,
Fecha de publicación, distribución, etc. 2011.
300 ## - DESCRIPCIÓN FÍSICA
Extensión 563 p. :
Otras características físicas il., retrs. ;
Dimensiones 22 cm.
490 1# - MENCIÓN DE SERIE
Mención de serie Verbum
Designación de volumen o secuencia 5
504 ## - NOTA DE BIBLIOGRAFÍA, ETC.
Nota de bibliografía, etc. Incluye referencias bibliográficas y notas al pie de las páginas
700 1# - PUNTO DE ACCESO ADICIONAL--NOMBRE DE PERSONA
Nombre de persona Rodríguez, Milena,
Fechas asociadas al nombre 1971-
9 (RLIN) 67233
830 #0 - PUNTO DE ACCESO ADICIONAL DE SERIE-TÍTULO UNIFORME
Título uniforme Verbum
Designación de volumen o secuencia 5
9 (RLIN) 51735
Holdings
Estado de retiro Estado de pérdida Restricciones de uso No para préstamo Código de colección Localización permanente Ubicación/localización actual Ubicación en estantería Fecha de adquisición Número de inventario Total de préstamos Signatura topográfica completa Código de barras Fecha visto por última vez Precio válido a partir de Tipo de ítem Koha
        Monografías: Libros y Folletos General General Orden iniciada 06.09.2013 LF1   40810-10 25.06.2020 25.06.2020 No se presta

Powered by Koha